Квинтет (Запис номер 299533)
[ съкратено ]
| 000 -Лидер | |
|---|---|
| Контролно поле с фиксирана дължина | 01280ncm a2200325 c 4500 |
| 003 - Код на организацията, давaща контролен номер | |
| Контролно поле | BLK |
| 005 - Дата и час на последна редакция | |
| Контролно поле | 20241005005453.0 |
| 008 - Елементи от данни с фиксирана дължина | |
| fixed length control field | 180414b bul |a|er|||| |0| c|bulo| |
| 010 ## - Наследен системен номер | |
| LC control number | NOT00001062000 |
| 040 ## - Източник на каталожния запис | |
| Идентификатор на билиотеката - собственик на записа | BLK |
| 041 ## - Код за език | |
| Код за езика на текст/звукозапис или на отделно заглавие | Руски |
| Код за езика КДБФ | Руски |
| 080 ## - УДК | |
| Текстов определител УДК | Квинтет от струнни и духови инструменти |
| УДК код - определител по УДК | 785.75:787.1/.4:788 |
| УДК определител | |
| УДК - код + определител | 785.75:787.1/.4:788 |
| 100 ## - Редна дума - Автор | |
| Автор | Моцарт, Волфганг Амадеус |
| Дати, свързани с автора | 1756 - 1791 |
| R(LIN) | 368558 |
| 139 ## - Редно поле | |
| Редна дума | Моцарт, Волфганг Амадеус |
| Авторски знак | Мот - М 93 |
| 245 10 - Сведения за заглавието | |
| Заглавие | Квинтет |
| Подзаглавни данни | Для, кларнета, двух скрипок, альта и виолончели |
| Редно поле (дума) | Волфганг Амадеус Моцарт; * Wolfgang Amadeus Mozart. |
| Версия | Оп.108 |
| 254 ## - Сведения за формата на нотното издание | |
| Формат на описваните ноти | Партитура |
| 257 ## - Страна на издаване | |
| Страна на създаване/издаване | Австрия |
| 260 ## - Област на издателските данни | |
| -- | Москва |
| Име на издателя, разпространителя и проч. | Музыка 4104 |
| Година на издаване | 1967 |
| 300 ## - Физическа характеристика | |
| Страници | 52 с. |
| Размери/Мащаб | 20 см |
| 380 ## - Жанр | |
| Жанр | Изкуство |
| 650 #4 - Допълнително описание по предмет – тема | |
| Основно описание – тема или топоним | Квинтети - струнни и духови инструменти |
| 9 (RLIN) | 354574 |
| 653 ## - Ключова дума – ненормативна | |
| Ключова дума | квинтети |
| 700 ## - Други автори (авторска отговорност) | |
| Лично име | Mozart, Wolfgang Amadeus |
| Дати, свързани с автора | 1756 - 1791 |
| 9 (RLIN) | 386874 |
| 852 ## - Местоположение | |
| Форматна сигнатура | ЦБ М 934 |
| Част | 0 |
| 856 4# - Електронен адрес и достъп | |
| Електронен формат | pdf - файл |
| Път до файла /url/ | |
| 856 4# - Електронен адрес и достъп | |
| Електронен формат | pdf - файл |
| Път до файла /url/ | |
| 942 ## - АРТИКУЛИ | |
| Вид на библиотечния материал | Нотни издания |
| Скрит в OPAC | Не |
| 944 ## - СЪЗДАВАНЕ И РЕДАКЦИЯ на ЗАПИСА | |
| Създаване/Редакция | Създаване |
| Дата на регистрацията/редакция | 01.08.2005 |
| Служител, извършил регистрацията/редакцията | |
| Статус, дата на статуса | CRON CRON |
| 944 ## - СЪЗДАВАНЕ И РЕДАКЦИЯ на ЗАПИСА | |
| Създаване/Редакция | Редакция |
| Дата на регистрацията/редакция | 29.09.2017 |
| Служител, извършил регистрацията/редакцията | Ирена_Линкова |
| 999 ## - СИСТЕМНИ КОНТРОЛНИ НОМЕРА | |
| Koha biblionumber | 299533 |
| Koha biblioitemnumber | 299533 |
| Код за отписване | Код за изгубен артикул | Източник на класификационната схема | Код за повреда | Коз за рестрикции | Код за отдаване | Артикулен № | Име на библиотеката - собственик | Име на библиотеката, в която се намира в момента | Статус (Текущо местоположение) | Дата на вписване в системата | Местоположение - отдел | Цена в лева | Инвентарен номер | Систематично азбучна сигнатура | Баркод | Номер на екземпляра | Цена в евро | Служебна бележка | Служебен тип на артикула |
|---|---|---|---|---|---|---|---|---|---|---|---|---|---|---|---|---|---|---|---|
| Не е изгубен | Universal Decimal Classification | Не е повреден | само за читалня | ползва се в читалня | 650703 | Регионална библиотека "Любен Каравелов" Русе | Регионална библиотека "Любен Каравелов" Русе | Хранилище | 1967-01-01 | Хранилище | 0.33 | 16549/67 | ЦБ М 934 | 900000004954 | 1 | 0.17 | N: стар фонд Дата: 01.01.1967 | Нотни издания |